<?xml version="1.0" encoding="UTF-8"?><?xml-stylesheet type="text/xsl" href="static/style.xsl"?><OAI-PMH xmlns="http://www.openarchives.org/OAI/2.0/" xmlns:xsi="http://www.w3.org/2001/XMLSchema-instance" xsi:schemaLocation="http://www.openarchives.org/OAI/2.0/ http://www.openarchives.org/OAI/2.0/OAI-PMH.xsd"><responseDate>2026-04-14T03:22:29Z</responseDate><request verb="GetRecord" identifier="oai:www.recercat.cat:20.500.14226/1386" metadataPrefix="marc">https://recercat.cat/oai/request</request><GetRecord><record><header><identifier>oai:recercat.cat:20.500.14226/1386</identifier><datestamp>2026-01-15T12:14:07Z</datestamp><setSpec>com_2072_482492</setSpec><setSpec>com_2072_482491</setSpec><setSpec>com_2072_5211</setSpec><setSpec>col_2072_482497</setSpec></header><metadata><record xmlns="http://www.loc.gov/MARC21/slim" xmlns:dcterms="http://purl.org/dc/terms/" xmlns:xsi="http://www.w3.org/2001/XMLSchema-instance" xmlns:doc="http://www.lyncode.com/xoai" xsi:schemaLocation="http://www.loc.gov/MARC21/slim http://www.loc.gov/standards/marcxml/schema/MARC21slim.xsd">
   <leader>00925njm 22002777a 4500</leader>
   <datafield ind2=" " ind1=" " tag="042">
      <subfield code="a">dc</subfield>
   </datafield>
   <datafield ind2=" " ind1=" " tag="720">
      <subfield code="a">Consell d’Europa</subfield>
      <subfield code="e">author</subfield>
   </datafield>
   <datafield ind2=" " ind1=" " tag="260">
      <subfield code="c">2010-01-20</subfield>
   </datafield>
   <datafield ind2=" " ind1=" " tag="520">
      <subfield code="a">El Consell d’Europa, a través de la sessió del Comitè de Ministres, el 20 de gener de 2010, en la 1075a reunió dels delegats dels ministres, adopta la recomanació CM/R (2010)1, sobre les regles de probation.&#xd;
&#xd;
La probation és una figura legal no existent com a tal a la legislació espanyola que inclou aquelles activitats i intervencions que impliquen una supervisió i assistència en la comunitat (fora dels centres penitenciaris), incloent la llibertat condicional, llibertat vigilada, l’assessorament i la mediació.&#xd;
&#xd;
El propòsit del Consell d’Europa és aconseguir una unitat més gran entre els seus membres, en particular mitjançant una aproximació de les legislacions en assumptes d’interès comú i considerant que l'objectiu de la probation és de contribuir a un procés de justícia criminal just, així com a la seguretat pública, evitant i reduint la comissió de delictes.&#xd;
&#xd;
Es fan aquestes recomanacions considerant que els organismes de probation es troben entre els principals organismes de justícia i que la seva tasca té gran impacte sobre la reducció de la població penitenciària.</subfield>
   </datafield>
   <datafield ind1="8" ind2=" " tag="024">
      <subfield code="a">https://hdl.handle.net/20.500.14226/1386</subfield>
   </datafield>
   <datafield tag="653" ind2=" " ind1=" ">
      <subfield code="a">Dret penal internacional</subfield>
   </datafield>
   <datafield tag="653" ind2=" " ind1=" ">
      <subfield code="a">Mesures penals en la comunitat</subfield>
   </datafield>
   <datafield tag="653" ind2=" " ind1=" ">
      <subfield code="a">Probation</subfield>
   </datafield>
   <datafield tag="653" ind2=" " ind1=" ">
      <subfield code="a">Jurisdicció penal</subfield>
   </datafield>
   <datafield tag="653" ind2=" " ind1=" ">
      <subfield code="a">Delictes internacionals</subfield>
   </datafield>
   <datafield tag="653" ind2=" " ind1=" ">
      <subfield code="a">Empresonament--Alternatives</subfield>
   </datafield>
   <datafield tag="653" ind2=" " ind1=" ">
      <subfield code="a">Justícia penal--Administració</subfield>
   </datafield>
   <datafield tag="653" ind2=" " ind1=" ">
      <subfield code="a">Presons</subfield>
   </datafield>
   <datafield ind2="0" ind1="0" tag="245">
      <subfield code="a">Comentari a les Regles de probation</subfield>
   </datafield>
</record></metadata></record></GetRecord></OAI-PMH>